O Senhor Custódio (Registo nº 199263)

Detalhes MARC
000 -Etiqueta do registo
Valores 00828nam 22002413 4500
021 ## - Número do Depósito Legal
Código do país Portugal
Número 83919
100 ## - Dados gerais de processamento
Dados gerais 20251126d u||y0pory50 ba
101 ## - Língua de publicação
Língua Português
102 ## - País de publicação
País Portugal
200 ## - Titulo e menção de responsabilidade
Título próprio O Senhor Custódio
Primeira menção de responsabilidade Raul Brandão
Outras menções de responsabilidade Desenhos de Mário Botas
210 ## - Publicação
Local de publicação [S. L.]
Nome do editor Quetzal Editores / Fundação Casa-Museu Mário Botas
Data de publicação [S. I.]
215 ## - Descrição física 
Paginação / Volumes 27, [5] p. : il.
Outras indicações físicas Brochado
Dimensões 24 cm
225 ## - Colecção 
Título próprio da colecção O Encantador de Serpentes
300 ## - Notas gerais 
Texto da nota Conto
606 ## - Nome comum usado como assunto
ID Autoridade 9161
Palavra de ordem Literatura Infantil Portuguesa
Subdivisão assunto Contos
675 ## - CDU
Notação 821.134.3-34-93/BRA/SEN
Edição PT
Língua por
700 ## - Autor principal (pessoa individual)
ID Autoridade 1373
Apelido Brandão
Nome Raul
Datas 1867-1930
702 ## - Autor secundário (pessoa individual)
Apelido Botas
Nome Mário Ferreira da Silva
-- Artista plástico
Datas 1952-1983
ID Autoridade 13862
801 ## - Fonte de origem
País PT
Agência BMMN
Regras de catalogação RPC
830 ## - Notas gerais do catalogador
Criado por Carlos Pinto
Data de criação 26-11-2025 e 22-01-2026
Indexado por Carlos Pinto
990 ## - Elementos KOHA
Tipo de documento Livro
Exemplares
Situação do levantamento Biblioteca de origem Código de barras Cota Permissão de empréstimo Tipo de documento Forma de aquisição
  Biblioteca Escolar Escoural 28073 821.134.3-34-93/BRA/SEN   Livro Compra
  Biblioteca Escolar nº 2 29188 821.134.3-34-93/BRA/SEN   Livro Compra

Powered by Koha